Carregant...

Durgattavritti/

Dades bibliogràfiques
Autor principal: Usha Simhal
Format: Printed Book
Publicat: Delhi: Parimal Publications, 1989.
Matèries:
LEADER 00534nam a22001697a 4500
999 |c 144895  |d 144895 
020 |a 8171100872 
082 |a S 491.25  |b USH/D 
100 |a Usha Simhal 
245 |a Durgattavritti/  |c by Usha Simhal 
260 |a Delhi:  |b Parimal Publications,  |c 1989. 
300 |a 515p. 
650 |a Grammar Sanskrit 
650 |a Language Sanskrit 
650 |a Language 
942 |c BK 
952 |0 0  |1 0  |4 0  |6 S_491_250000000000000_USH_D  |7 0  |9 102996  |a SSUS  |b SSUS  |c STACKS  |d 2020-07-10  |g 280.00  |o S 491.25 USH/D  |p 054007  |r 2020-07-10  |w 2020-07-10  |y BK